Statistics for Guess The Flag!

Click here to take the quiz!

General Stats

  • This quiz has been taken 24 times
  • The average score is 7 of 8

Answer Stats

Answer % Correct
canada
100%
usa
100%
denmark
100%
uk
100%
pakistan
95%
poland
95%
Bangladesh
90%
greenland
48%

Score Distribution

Percentile by Number Answered

Percent of People with Each Score

Your Score History

You have not taken this quiz